00475 2200181 4500001002100000005001500021008004100036020002200077035001900099041000700118082001200125090001600137100002000153245003900173250001100212260004100223300002900264INLIS00000000001928720241224115653241224||||||||| | ||| |||| || |  a978-602-8275-06-4 0010-1224019287 aid0 a571.876 a571.876 AHM0 aAhmad Dzulfikar00aseri siklus kehidupan metamorfosis aed 1-2 aJakartabRaja Grafindo Persadac2008 a32 hlm,; 20 cm x 27,5 cm